Dzielnice Rumi - Nagła Śmierć - Statystyki

Ogólne statystyki
  • Ten quiz został rozwiązany 36 razy
  • Średni wynik to 4 z 6
Answers on the Grid
Answers color-coded by a green-red scale on the quiz's grid according to % correct below.
Janowo
Szmelta
Stara Rumia
Biała Rzeka
Zagórze
Lotnisko
Betlejem
Cisowa
Podgórze
Dębogórze
Marianowo
Nowa Rumia
 
Statystyki odpowiedzi
Odpowiedź % Poprawnych
Janowo
83%
Biała Rzeka
67%
Lotnisko
67%
Stara Rumia
58%
Szmelta
58%
Zagórze
42%
Nie znaleziono quizów pasujących do podanych kryteriów
Rozkład punktacji
Procent ludzi z każdym wynikiem
Percentyl według liczby udzielonych odpowiedzi
Twoja historia wyników
Nie rozwiązałeś tego quizu